000 00512nam a2200193 4500
001 13006
005 20230410124048.0
008 060907n2003 dr spa
020 _a0399528091
035 _9funglode13116
041 _aEN
050 1 4 _aLC 4704 D261g 2003
100 _aDavid, D. Ronald
245 1 4 _aThe gift of learning /
_cRonald D. Davis, Eldon M. Braun
260 _aNew York :
_bA Perigee Book,
_c2003
300 _axiii, 359 p.
700 _aBraun, M. Eldon
942 _2lcc
_cbk
999 _c70234
_d70234